| 000 | 01038 a2200313 4500 | ||
|---|---|---|---|
| 001 | 200045157 | ||
| 003 | TR-AnTOB | ||
| 005 | 20251208152720.0 | ||
| 008 | 120718s1996 tu 000 0 d | ||
| 020 | _a975948738 | ||
| 040 |
_aTR-AnTOB _cTR-AnTOB |
||
| 041 | _ager | ||
| 050 | 1 | 4 |
_aDR592.K4 _bK39 1996 |
| 090 | _aDR592.K4 K39 1996 | ||
| 245 | 0 | 0 |
_aMustafa Kemal Atatürk : _bBegründer der Türkischen Republik / _cÜbersetz und vorbereitet von Müjdat Kayayerli. |
| 264 | 1 |
_aAnkara : _bYansıma Yayınları, _c1996. |
|
| 300 |
_aIV, 167 p.: _bill.; _c19 cm. |
||
| 336 |
_2rdacontent _atext _btxt |
||
| 337 |
_2rdamedia _aunmediated _bn |
||
| 338 |
_2rdacarrier _avolume _bnc |
||
| 490 | 0 | _aYansıma Yayınları Eğitim Dizisi | |
| 504 | _aIncludes bibliographical references. | ||
| 600 | 1 | 0 |
_aAtatürk, Mustafa Kemal _d1881-1938 _920781 |
| 650 | 0 |
_aCumhurbaşkanları _zTürkiye _vBiyografi _912918 |
|
| 651 | 0 |
_aTürkiye _xTarih _y1918-1960 _951899 |
|
| 700 | 1 |
_aKayayerli, Müjdat _983248 |
|
| 942 |
_cBK _2lcc |
||
| 999 |
_c200045157 _d33487 |
||